[Event "Rakovnik Regional-chT 1415"]
[Site "Rakovnik"]
[Date "2015.01.18"]
[Round "6.8"]
[White "Pataridis, Janis"]
[Black "Popelka, Pavel"]
[Result "0-1"]
[WhiteElo "1886"]
[BlackElo "1931"]
[PlyCount "92"]
[EventDate "2014.10.19"]
[EventType "team-tourn"]
[EventRounds "11"]
[EventCountry "CZE"]
[SourceTitle "EXT 2016"]
[Source "ChessBase"]
[SourceDate "2015.10.08"]
[SourceVersion "1"]
[SourceVersionDate "2015.10.08"]
[SourceQuality "1"]
[WhiteTeam "Kostelec nad CL"]
[BlackTeam "Kralupy nad Vltavou"]
[WhiteTeamCountry "CZE"]
[BlackTeamCountry "CZE"]

1. d4 d5 2. c4 e6 3. Nc3 Nf6 4. Nf3 Be7 5. cxd5 exd5 6. Ne5 c6 7. Bg5 Nbd7 8. Nxd7 Bxd7 9. e3 Bf5 10. Bd3 Qd7 11. Qc2 Bxd3 12. Qxd3 Qg4 13. Bxf6 Qxg2 14. Qf1 Qxf1+ 15. Rxf1 Bxf6 16. Ke2 0-0-0 17. Rac1 Rhe8 18. Kd3 Kb8 19. b4 a6 20. a4 Be7 21. Rb1 Rd7 22. Rg1 g6 23. b5 axb5 24. axb5 c5 25. dxc5 Bxc5 26. Na4 b6 27. Rgc1 Rc8 28. Rc2 Kb7 29. Rbc1 Rdc7 30. Ra1 Bd6 31. Rxc7+ Rxc7 32. f4 Be7 33. Ra2 Bf6 34. e4 dxe4+ 35. Kxe4 Rc4+ 36. Ke3 Rb4 37. Ra3 Rxb5 38. Rd3 Kc6 39. Nc3 Bxc3 40. Rxc3+ Kd5 41. Rc7 Rb3+ 42. Kf2 Ke6 43. Kg2 h5 44. h3 f6 45. Kf2 Kf5 46. Rf7 Rxh3 0-1

[Event "Rakovnik Regional-chT 1415"]
[Site "Rakovnik"]
[Date "2014.11.23"]
[Round "3.8"]
[White "Popelka, Pavel"]
[Black "Dolezal, Radoslav1111"]
[Result "0-1"]
[WhiteElo "1931"]
[BlackElo "1961"]
[PlyCount "100"]
[EventDate "2014.10.19"]
[EventType "team-tourn"]
[EventRounds "11"]
[EventCountry "CZE"]
[SourceTitle "EXT 2016"]
[Source "ChessBase"]
[SourceDate "2015.10.08"]
[SourceVersion "1"]
[SourceVersionDate "2015.10.08"]
[SourceQuality "1"]
[WhiteTeam "Kralupy nad Vltavou"]
[BlackTeam "Ricany II"]
[WhiteTeamCountry "CZE"]
[BlackTeamCountry "CZE"]

1. e4 e5 2. Nf3 Nc6 3. Bc4 Nf6 4. d3 Be7 5. Nc3 d6 6. h3 Be6 7. Bg5 0-0 8. Qd2 a6 9. 0-0 Nd7 10. Nd5 b5 11. Nxe7+ Nxe7 12. Bxe6 fxe6 13. a4 Nf6 14. axb5 axb5 15. Qb4 Qd7 16. Rxa8 Rxa8 17. Bxf6 gxf6 18. Nh4 c5 19. Qd2 Kg7 20. f4 Ng6 21. fxe5 dxe5 22. Qf2 Qd4 23. Nxg6 hxg6 24. g3 f5 25. Kg2 Qxf2+ 26. Rxf2 Kf6 27. Kf3 Ra1 28. g4 Rg1 29. gxf5 exf5 30. exf5 gxf5 31. Rh2 Rf1+ 32. Ke2 Rf4 33. c3 Kg5 34. Ke3 Kh4 35. Rh1 Kg3 36. Rg1+ Kxh3 37. Rg7 Rg4 38. Rh7+ Kg2 39. Rc7 f4+ 40. Ke4 f3+ 41. Kxe5 f2 42. Rf7 f1Q 43. Rxf1 Kxf1 44. Kd6 Rg5 45. Kc6 Ke2 46. d4 cxd4 47. cxd4 Kd3 48. d5 Kc4 49. d6 b4 50. d7 Rg8 0-1

[Event "Ricany op-A"]
[Site "Ricany"]
[Date "2011.08.25"]
[Round "7"]
[White "Pribyl, Jaroslav1111"]
[Black "Popelka, Pavel"]
[Result "1/2-1/2"]
[WhiteElo "1864"]
[BlackElo "1984"]
[PlyCount "175"]
[EventDate "2011.08.20"]
[EventType "swiss"]
[EventRounds "9"]
[EventCountry "CZE"]
[SourceTitle "CBM 144 Extra"]
[Source "ChessBase"]
[SourceDate "2011.10.28"]
[SourceVersion "1"]
[SourceVersionDate "2011.10.28"]
[SourceQuality "1"]

1. d4 d5 2. c4 c6 3. cxd5 cxd5 4. Nf3 Nc6 5. Nc3 Nf6 6. Bf4 a6 7. e3 e6 8. Bd3 Qb6 9. a3 Bd7 10. b4 Rc8 11. Na4 Qa7 12. 0-0 b6 13. Rc1 Nh5 14. Bg5 h6 15. Bh4 g5 16. Ne5 Nxe5 17. Rxc8+ Bxc8 18. dxe5 Ng7 19. Bg3 Be7 20. Nc3 Bd7 21. Ne2 Nh5 22. Nd4 Nxg3 23. fxg3 Qc7 24. Bxa6 Qxe5 25. Qe2 0-0 26. Bd3 Ra8 27. Ra1 Bxb4 28. Nc2 Bc5 29. Kh1 Ba4 30. Rf1 Bxc2 31. Bxc2 Rxa3 32. Qb5 Qg7 33. e4 Ra1 34. exd5 Rxf1+ 35. Qxf1 exd5 36. h3 Qd4 37. Kh2 Kg7 38. Bd3 Qe3 39. Ba6 Bd6 40. Qf3 d4 41. Bd3 h5 42. Bc4 Qxf3 43. gxf3 h4 44. f4 f6 45. Kg2 gxf4 46. gxf4 Bxf4 47. Kf3 Bg3 48. Ke4 Be5 49. Kf5 Kf8 50. Ke6 Ke8 51. Bd3 Kd8 52. Kd5 Kc7 53. Bb5 Kd8 54. Bd3 Ke7 55. Bf5 Kf7 56. Kc6 Kg7 57. Kxb6 Kh6 58. Kc5 Kg5 59. Bd3 Kf4 60. Kd5 Ke3 61. Kc4 Bb8 62. Bf5 Ba7 63. Bg6 Kf4 64. Kd3 Ke5 65. Bh7 f5 66. Bg6 Bb6 67. Bh7 Ba5 68. Bg6 Be1 69. Bh7 Bf2 70. Bg6 Be3 71. Bh7 f4 72. Be4 Kd6 73. Kc4 Kc7 74. Bf3 Kb6 75. Be4 Ka5 76. Bc6 Bf2 77. Bd7 Kb6 78. Bg4 Bg1 79. Bf3 Be3 80. Be4 Ka5 81. Bc6 Bg1 82. Bd7 f3 83. Bg4 f2 84. Be2 Kb6 85. Bf1 Bh2 86. Kxd4 Ka5 87. Ke3 Bg3 88. Kf3 1/2-1/2

[Event "Ricany op-A"]
[Site "Ricany"]
[Date "2011.08.23"]
[Round "5"]
[White "Hanl, Frantisek"]
[Black "Popelka, Pavel"]
[Result "0-1"]
[WhiteElo "1849"]
[BlackElo "1984"]
[PlyCount "88"]
[EventDate "2011.08.20"]
[EventType "swiss"]
[EventRounds "9"]
[EventCountry "CZE"]
[SourceTitle "CBM 144 Extra"]
[Source "ChessBase"]
[SourceDate "2011.10.28"]
[SourceVersion "1"]
[SourceVersionDate "2011.10.28"]
[SourceQuality "1"]

1. e4 c5 2. c3 Nc6 3. d4 cxd4 4. cxd4 d5 5. exd5 Qxd5 6. Be3 Nf6 7. Nc3 Qa5 8. Bc4 e6 9. Nge2 Bd6 10. 0-0 0-0 11. a3 Ne7 12. b4 Bxh2+ 13. Kxh2 Qc7+ 14. g3 Qxc4 15. Bg5 Ng4+ 16. Kg1 f6 17. Be3 e5 18. dxe5 Nxe3 19. fxe3 Bh3 20. exf6 Qc6 21. Nf4 Rxf6 22. Nxh3 Rxf1+ 23. Qxf1 Qxc3 24. Re1 Rf8 25. Qe2 Nc6 26. Kg2 Qxa3 27. Qc4+ Kh8 28. Ng5 Qb2+ 29. Re2 Qf6 30. b5 Qf1+ 31. Kh2 Ne5 32. Nf7+ Nxf7 33. Qa2 Ng5 34. Rg2 Nf3+ 35. Kh3 Qxb5 36. Rf2 Qh5+ 37. Kg2 Qh6 38. Kf1 Qh1+ 39. Ke2 Qe1+ 40. Kd3 Ne5+ 41. Ke4 Qxf2 42. Qa3 Nc6 43. Kd5 Rd8+ 44. Ke6 Qf6# 0-1

[Event "Ricany op-A"]
[Site "Ricany"]
[Date "2011.08.22"]
[Round "4"]
[White "Popelka, Pavel"]
[Black "Vanka, Miloslav"]
[Result "0-1"]
[WhiteElo "1984"]
[BlackElo "2120"]
[PlyCount "92"]
[EventDate "2011.08.20"]
[EventType "swiss"]
[EventRounds "9"]
[EventCountry "CZE"]
[SourceTitle "CBM 144 Extra"]
[Source "ChessBase"]
[SourceDate "2011.10.28"]
[SourceVersion "1"]
[SourceVersionDate "2011.10.28"]
[SourceQuality "1"]

1. d4 Nf6 2. c4 e6 3. Nf3 Bb4+ 4. Bd2 Qe7 5. e3 a5 6. Nc3 b6 7. Rc1 Bb7 8. Nb5 d6 9. a3 Bxd2+ 10. Qxd2 Na6 11. Qc2 0-0 12. Bd3 e5 13. Be2 e4 14. Nd2 Nd7 15. Nc3 f5 16. Nd5 Qf7 17. Nf4 g5 18. Bh5 Qf6 19. Nd5 Bxd5 20. cxd5 g4 21. h3 Qh4 22. Bxg4 fxg4 23. Qxe4 Nf6 24. Qe6+ Kh8 25. g3 Qh5 26. Ne4 Nxe4 27. Qxe4 gxh3 28. Rh2 Qf5 29. Qh4 Rf7 30. e4 Re8 31. Qxh3 Rxe4+ 32. Kf1 Qxh3+ 33. Rxh3 Rxd4 34. Re1 Rxd5 35. Rh4 Rd2 36. f4 Rxb2 37. Rg4 h5 38. Re8+ Kh7 39. Rg5 Nc5 40. Rxh5+ Kg6 41. Rhh8 Kf5 42. Rhg8 Ne4 43. Kg1 b5 44. Ra8 a4 45. Ra5 c5 46. Rga8 c4 0-1

[Event "Ricany op-A"]
[Site "Ricany"]
[Date "2011.08.20"]
[Round "1"]
[White "Nigrin, Jiri"]
[Black "Popelka, Pavel"]
[Result "1/2-1/2"]
[WhiteElo "1700"]
[BlackElo "1984"]
[PlyCount "63"]
[EventDate "2011.08.20"]
[EventType "swiss"]
[EventRounds "9"]
[EventCountry "CZE"]
[SourceTitle "CBM 144 Extra"]
[Source "ChessBase"]
[SourceDate "2011.10.28"]
[SourceVersion "1"]
[SourceVersionDate "2011.10.28"]
[SourceQuality "1"]

1. c4 Nf6 2. Nc3 e5 3. g3 Be7 4. Bg2 0-0 5. Nf3 Nc6 6. 0-0 d6 7. d4 Bg4 8. dxe5 dxe5 9. Qxd8 Rfxd8 10. Bg5 h6 11. Bxf6 Bxf6 12. Ne4 Nd4 13. Nxd4 exd4 14. Nxf6+ gxf6 15. Rfe1 c6 16. h3 Be6 17. b3 Rd7 18. Rad1 Rad8 19. Rd2 Kg7 20. Red1 Kg6 21. g4 f5 22. Bf3 fxg4 23. Bxg4 Kg5 24. Bxe6 fxe6 25. Kh2 c5 26. Rd3 Rf7 27. Rg1+ Kh5 28. f3 Rdd7 29. Rg4 e5 30. Rd1 d3 31. Re4 Rf5 32. Rxd3 1/2-1/2

[Event "Teplice op 6th"]
[Site "Teplice"]
[Date "2011.06.16"]
[Round "6"]
[White "Popelka, Pavel"]
[Black "Horyna, Josef"]
[Result "1-0"]
[WhiteElo "1993"]
[BlackElo "1886"]
[PlyCount "77"]
[EventDate "2011.06.11"]
[EventType "swiss"]
[EventRounds "9"]
[EventCountry "CZE"]
[SourceTitle "CBM 142 Extra"]
[Source "ChessBase"]
[SourceDate "2011.06.27"]
[SourceVersion "1"]
[SourceVersionDate "2011.06.27"]
[SourceQuality "1"]

1. e4 e6 2. d4 d5 3. Nd2 Nf6 4. e5 Nfd7 5. Ngf3 c5 6. c3 Nc6 7. Bb5 a6 8. Ba4 b5 9. Bc2 cxd4 10. cxd4 Be7 11. 0-0 Bb7 12. a3 Qb6 13. Nb3 h6 14. Be3 Rc8 15. Rc1 Na5 16. Nxa5 Qxa5 17. Bb1 Qd8 18. Nd2 Rxc1 19. Qxc1 Qc8 20. Qd1 Nb6 21. Qg4 g6 22. Qe2 Qd7 23. Rc1 h5 24. Nb3 Nc4 25. Bd2 Nxb2 26. Nc5 Bxc5 27. Rxc5 Nc4 28. Bg5 Bc6 29. Bf6 Rh7 30. Qa2 Qb7 31. Bd3 Qd7 32. h4 Qb7 33. Kh2 Qd7 34. a4 Qb7 35. axb5 Bxb5 36. Bxc4 dxc4 37. Qa5 Qb8 38. Qb4 Kd7 39. Rxc4 1-0

[Event "Teplice op 6th"]
[Site "Teplice"]
[Date "2011.06.15"]
[Round "5"]
[White "Hadraba, Vladimir"]
[Black "Popelka, Pavel"]
[Result "1-0"]
[WhiteElo "2241"]
[BlackElo "1993"]
[PlyCount "60"]
[EventDate "2011.06.11"]
[EventType "swiss"]
[EventRounds "9"]
[EventCountry "CZE"]
[SourceTitle "CBM 142 Extra"]
[Source "ChessBase"]
[SourceDate "2011.06.27"]
[SourceVersion "1"]
[SourceVersionDate "2011.06.27"]
[SourceQuality "1"]

1. e4 e5 2. Nf3 Nc6 3. Bb5 a6 4. Bc4 b5 5. Bb3 d6 6. c3 Na5 7. Bc2 c5 8. d4 Qc7 9. 0-0 cxd4 10. cxd4 Bg4 11. Nc3 Ne7 12. dxe5 dxe5 13. h3 Rd8 14. Qe2 Be6 15. Rd1 Rc8 16. Bd3 Bc4 17. Bxc4 Nxc4 18. b3 Nb6 19. Bb2 Ng6 20. a4 Nf4 21. Qf1 b4 22. Nb5 Qc2 23. Rd2 Qxb3 24. Bxe5 Ne6 25. Nbd4 Qc4 26. Qd1 Be7 27. Rc2 Nxd4 28. Nxd4 0-0 29. Rxc4 Nxc4 30. Nf5 Rc6 1-0

[Event "Teplice op 6th"]
[Site "Teplice"]
[Date "2011.06.14"]
[Round "4"]
[White "Popelka, Pavel"]
[Black "Seliger, Bedrich"]
[Result "1-0"]
[WhiteElo "1993"]
[BlackElo "1837"]
[PlyCount "61"]
[EventDate "2011.06.11"]
[EventType "swiss"]
[EventRounds "9"]
[EventCountry "CZE"]
[SourceTitle "CBM 142 Extra"]
[Source "ChessBase"]
[SourceDate "2011.06.27"]
[SourceVersion "1"]
[SourceVersionDate "2011.06.27"]
[SourceQuality "1"]

1. e4 c5 2. Nf3 d6 3. Bb5+ Bd7 4. Qe2 a6 5. Bxd7+ Nxd7 6. 0-0 g6 7. e5 dxe5 8. Nxe5 Bg7 9. Ng4 Ngf6 10. d3 Nxg4 11. Qxg4 0-0 12. Nc3 Re8 13. Bd2 Nf6 14. Qf3 b5 15. Rad1 Qc7 16. Bf4 e5 17. Bg5 Nd7 18. Rfe1 Rad8 19. Nd5 Qd6 20. c4 h6 21. Bc1 f5 22. Qh3 Kh7 23. b3 b4 24. f4 e4 25. dxe4 Rxe4 26. Rxe4 fxe4 27. f5 Bd4+ 28. Kh1 e3 29. fxg6+ Kg7 30. Nxe3 Rf8 31. Nf5+ 1-0

[Event "Teplice op 5th"]
[Site "Teplice"]
[Date "2010.06.18"]
[Round "7"]
[White "Popelka, Pavel"]
[Black "Schmidt, Detlef"]
[Result "0-1"]
[WhiteElo "2039"]
[BlackElo "1859"]
[PlyCount "96"]
[EventDate "2010.06.12"]
[EventType "swiss"]
[EventRounds "9"]
[EventCountry "CZE"]
[SourceTitle "CBM 136 Extra"]
[Source "ChessBase"]
[SourceDate "2010.07.02"]
[SourceVersion "2"]
[SourceVersionDate "2010.07.15"]
[SourceQuality "1"]

1. e4 c5 2. Nf3 a6 3. d4 cxd4 4. Nxd4 Nf6 5. Nc3 e5 6. Nf5 d5 7. Ng3 d4 8. Nb1 Nc6 9. Bd3 Be7 10. 0-0 0-0 11. a3 Bg4 12. Qe1 b5 13. Nd2 Rc8 14. h3 Be6 15. Nf3 Bc5 16. a4 Qb6 17. Qe2 Rb8 18. Ng5 Bd7 19. Nh5 Nxh5 20. Qxh5 h6 21. Nf3 f6 22. Nh4 Ne7 23. f4 Qe6 24. f5 Qc6 25. Rf3 Be8 26. Ng6 Bxg6 27. fxg6 f5 28. Bxh6 gxh6 29. exf5 Kg7 30. f6+ Rxf6 31. Rxf6 Qxf6 32. Rf1 Qg5 33. Qd1 Nxg6 34. Bxg6 Qxg6 35. Kh1 Rf8 36. axb5 axb5 37. Rxf8 Bxf8 38. Qe2 Bd6 39. Qxb5 Qf7 40. Qd3 Qf2 41. Qd1 Qf4 42. c3 Kg6 43. Kg1 Qe3+ 44. Kh1 h5 45. cxd4 exd4 46. Qg1 Qg3 47. b4 d3 48. b5 d2 0-1

[Event "Teplice op 5th"]
[Site "Teplice"]
[Date "2010.06.17"]
[Round "6"]
[White "Starek, Stanislav"]
[Black "Popelka, Pavel"]
[Result "1-0"]
[WhiteElo "1819"]
[BlackElo "2039"]
[PlyCount "65"]
[EventDate "2010.06.12"]
[EventType "swiss"]
[EventRounds "9"]
[EventCountry "CZE"]
[SourceTitle "CBM 136 Extra"]
[Source "ChessBase"]
[SourceDate "2010.07.02"]
[SourceVersion "2"]
[SourceVersionDate "2010.07.15"]
[SourceQuality "1"]

1. c4 g6 2. g3 Bg7 3. Bg2 e6 4. e4 Nc6 5. Ne2 Nge7 6. Nbc3 0-0 7. 0-0 Nd4 8. d3 Nec6 9. Rb1 Qe7 10. f4 d6 11. Be3 a6 12. Qd2 b5 13. Nxd4 Bxd4 14. e5 Bd7 15. Bxd4 Nxd4 16. Bxa8 Rxa8 17. Ne4 Bc6 18. Qf2 dxe5 19. fxe5 Rd8 20. g4 bxc4 21. Nf6+ Kg7 22. Qh4 Ne2+ 23. Kf2 Qc5+ 24. Ke1 Qa5+ 25. b4 cxb3+ 26. Kxe2 Qxe5+ 27. Ne4 Qd4 28. Qf6+ Qxf6 29. Nxf6 Bb5 30. Rxb3 c5 31. Rc3 Rd4 32. Ke3 Ra4 33. Rf2 1-0